000 00415nam a2200145Ia 4500
008 230917s9999||||xx |||||||||||||| ||und||
040 _e98546
_aMAIN
041 _aEnglish
082 _a350.1 J199S
100 _aJain, C M
245 0 _aPublic personnel administration: a comparative study of personnel administration in India, U S A and France
260 _aJaipur
_bResearch
300 _a409 p.
942 _cBK
999 _c199404
_d199404